000 00529nam a2200181 a 4500
001 2077
005 20140414131853.0
008 041013s19uu xx 00 eng d
050 _aM 791.53
_bJ61 1991
245 0 _aJim Henson's muppet stories, v. 12 :
_bstory party.
260 _aNew York :
_bFunk and Wagnalls,
_c1991.
300 _a37 p. : ill. ; cm.
440 _aJim Henson's Muppet stories
500 _aStarring Jim Henson's Muppets
650 _aPuppetry
_xFiction.
650 _aChildren stories.
999 _c110295
_d110295